Escribir desde la pedagogía del género / René Venegas ; María Teresa Núñez ; Sofía Zamora ; Andrea Santana
Guardat en:
| Autor principal: | |
|---|---|
| Format: | Llibre |
| Idioma: | Undetermined |
| Publicat: |
Valparaíso, Chile
Pontificia Universidad Católica de Valparaíso, Ediciones Universitarias de Valparaíso
2015
|
| Matèries: | |
| Etiquetes: |
Afegir etiqueta
Sense etiquetes, Sigues el primer a etiquetar aquest registre!
|
MARC
| LEADER | 00000nam a2200000Ia 4500 | ||
|---|---|---|---|
| 008 | 170316s9999 xx 000 0 und d | ||
| 040 | |a cru BVZT | ||
| 090 | |a 801 V-11.1e | ||
| 100 | |a Venegas, René; Núñez, María Teresa; Zamora, Sofía y Santana, Andrea |9 1548 | ||
| 245 | |a Escribir desde la pedagogía del género / René Venegas ; María Teresa Núñez ; Sofía Zamora ; Andrea Santana | ||
| 260 | |a Valparaíso, Chile | ||
| 260 | |b Pontificia Universidad Católica de Valparaíso, Ediciones Universitarias de Valparaíso | ||
| 260 | |c 2015 | ||
| 300 | |a 297 páginas | ||
| 650 | |a TEORÍA LITERARIA |9 178 | ||
| 650 | |a PEDAGOGÍA |9 1549 | ||
| 650 | |a ESCRITURA |9 253 | ||
| 650 | |a RETÓRICA |9 188 | ||
| 650 | |a DIDÁCTICA |9 268 | ||
| 650 | |a TRABAJO FINAL DE GRADUACIÓN |9 237 | ||
| 650 | |a PLANIFICACIÓN |9 1550 | ||
| 650 | |a GUIONES |9 1551 | ||
| 650 | |a METODOLOGÍA |9 1552 | ||
| 650 | |a LINGUÍSTICA |9 55 | ||
| 650 | |a PSICOLOGÍA |9 122 | ||
| 650 | |a LITERATURA |9 63 | ||
| 650 | |a FILOSOFÍA |9 5 | ||
| 650 | |a 2015 |9 1553 | ||
| 999 | |c 30384 |d 30384 | ||
| 942 | |c LIB |h 801 V-11.1e |2 z | ||
